[Event "Hoogeveen op 25th"]
[Site "Hoogeveen"]
[Date "2022.10.20"]
[Round "7"]
[White "Lootsma, Jan"]
[Black "Krylov, Philippe"]
[Result "1-0"]
[WhiteElo "1928"]
[BlackElo "1609"]
[PlyCount "63"]
[EventDate "2022.10.15"]
[EventType "swiss"]
[EventRounds "9"]
[EventCountry "NED"]
[SourceTitle "CBM 210 Extra"]
[Source "ChessBase"]
[SourceDate "2022.11.30"]
[SourceVersion "1"]
[SourceVersionDate "2022.11.30"]
[SourceQuality "1"]

1. e4 c6 2. d4 d5 3. exd5 cxd5 4. Bd3 Nc6 5. c3 Nf6 6. h3 g6 7. Nf3 Bf5 8. Bxf5 gxf5 9. 0-0 e6 10. Bf4 Ne4 11. Nbd2 Bd6 12. Ne5 Qc7 13. Re1 Rg8 14. Nxe4 fxe4 15. Qa4 f6 16. Nxc6 bxc6 17. Bxd6 Qxd6 18. b4 a6 19. Rac1 Ra7 20. Kh1 Rag7 21. Rg1 Qd7 22. c4 e5 23. g4 e3 24. fxe3 dxc4 25. e4 h5 26. Rxc4 hxg4 27. Qxc6 Rh7 28. Qc8+ Qxc8 29. Rxc8+ Kf7 30. Rc7+ Kg6 31. Rxg4+ Kh6 32. Rh4+ 1-0

[Event "NED-ch U14"]
[Site "Almelo"]
[Date "2022.05.06"]
[Round "8"]
[White "Mohebbinezhad, Parsa"]
[Black "Krylov, Philippe"]
[Result "1/2-1/2"]
[WhiteElo "1600"]
[BlackElo "1817"]
[PlyCount "72"]
[EventDate "2022.05.01"]
[EventType "swiss"]
[EventRounds "9"]
[EventCountry "NED"]
[SourceTitle "EXT 2023"]
[Source "ChessBase"]
[SourceDate "2022.10.05"]
[SourceVersion "1"]
[SourceVersionDate "2022.10.05"]
[SourceQuality "1"]

1. e4 e6 2. d4 d5 3. Nc3 Nf6 4. exd5 exd5 5. Bg5 Be7 6. Nf3 0-0 7. h3 h6 8. Bf4 Bf5 9. Bd3 Bxd3 10. Qxd3 Nc6 11. a3 Bd6 12. Bxd6 Qxd6 13. 0-0 Rfe8 14. Rfe1 a6 15. Na4 Ne4 16. Nd2 Qf6 17. Nxe4 dxe4 18. Rxe4 Rxe4 19. Qxe4 Qxd4 20. Qxd4 Nxd4 21. Rd1 Ne6 22. Kf1 Kf8 23. Ke2 Ke7 24. Ke3 f5 25. Rd5 g6 26. f4 Rd8 27. Rxd8 Kxd8 28. b4 Kd7 29. g3 b5 30. Nb2 Kd6 31. Nd3 Kd5 32. Ne5 Kd6 33. Nd3 c5 34. Ne5 cxb4 35. axb4 Nf8 36. Kd4 h5 1/2-1/2

[Event "NED-ch U14"]
[Site "Almelo"]
[Date "2022.05.02"]
[Round "2"]
[White "Zhu, Chenwu"]
[Black "Krylov, Philippe"]
[Result "1-0"]
[WhiteElo "1968"]
[BlackElo "1817"]
[PlyCount "127"]
[EventDate "2022.05.01"]
[EventType "swiss"]
[EventRounds "9"]
[EventCountry "NED"]
[SourceTitle "EXT 2023"]
[Source "ChessBase"]
[SourceDate "2022.10.05"]
[SourceVersion "1"]
[SourceVersionDate "2022.10.05"]
[SourceQuality "1"]

1. e4 c6 2. d4 d5 3. Nc3 dxe4 4. Nxe4 Bf5 5. Ng3 Bg6 6. h4 h6 7. h5 Bh7 8. Nf3 Nd7 9. Bd3 Bxd3 10. Qxd3 e6 11. Be3 Qa5+ 12. Bd2 Bb4 13. a3 Bxd2+ 14. Nxd2 Ngf6 15. 0-0-0 c5 16. Nb3 Qc7 17. dxc5 Nxc5 18. Qb5+ Ncd7 19. Rd2 0-0 20. Qe2 Rfd8 21. Rhd1 Nb6 22. Ne4 Nxe4 23. Qxe4 Rxd2 24. Nxd2 Rd8 25. g4 Qd7 26. f4 Qd5 27. Qe2 Na4 28. Nc4 Qxd1+ 29. Qxd1 Rxd1+ 30. Kxd1 b5 31. Nd6 a6 32. b3 Nc3+ 33. Ke1 Kf8 34. Kf2 Ke7 35. Nb7 f6 36. Ke3 Nd5+ 37. Ke4 Nc7 38. c4 Kd7 39. f5 e5 40. cxb5 axb5 41. Nc5+ Kd6 42. Nd3 Na6 43. b4 Nc7 44. Nc5 Kc6 45. Nd3 Nd5 46. Nc5 Nf4 47. a4 bxa4 48. Nxa4 Nd5 49. Nc5 Nxb4 50. Ne6 Nd5 51. Nxg7 Nc7 52. g5 fxg5 53. Kxe5 Kd7 54. f6 Kd8 55. Nf5 Ke8 56. Nxh6 Kf8 57. Kf5 Ne8 58. Kxg5 Ng7 59. fxg7+ Kxg7 60. Nf5+ Kh8 61. Kg6 Kg8 62. h6 Kh8 63. Nd6 Kg8 64. h7+ 1-0